Discipline in the Christian home. (Record no. 17173)

000 -LEADER
fixed length control field 00509nam a2200169 a 4500
001 - CONTROL NUMBER
control field :::00020909$&:&@@
003 - CONTROL NUMBER IDENTIFIER
control field OkBaRHE
005 - DATE AND TIME OF LATEST TRANSACTION
control field 20040218161523.0
008 - FIXED-LENGTH DATA ELEMENTS--GENERAL INFORMATION
fixed length control field s1972 j 000 0 eng u
040 ## - CATALOGING SOURCE
Transcribing agency
100 1# - MAIN ENTRY--PERSONAL NAME
Personal name Narramore, Clyde M.
245 10 - TITLE STATEMENT
Title Discipline in the Christian home.
260 ## - PUBLICATION, DISTRIBUTION, ETC. (IMPRINT)
Place of publication, distribution, etc Grand Rapids, MI
Name of publisher, distributor, etc Zondervan Publishing House
Date of publication, distribution, etc 1972
300 ## - PHYSICAL DESCRIPTION
Extent 31 p.
942 ## - ADDED ENTRY ELEMENTS (KOHA)
Source of classification or shelving scheme
Koha item type Books
Copies
Copy number Damaged status Withdrawn status Price effective from Koha item type Not for loan Full call number Barcode Date acquired Source of classification or shelving scheme Permanent Location Date last seen Lost status Shelving location
1  2010-04-14Books HQ 770.4 .N3209092010-04-14 RHEMA Bible Training College2010-04-14 General Stacks